000 00658nam a2200241 a 4500
005 20160109084717.0
008 140117b2004 ck ||||| |||| 00| 0 spa d
040 _aCO-BoIAVH
_cCO-BoIAVH
041 _aspa
044 _ack
082 1 0 _a581.636
_bS22p
100 1 _aSanjuan, Tatiana
245 1 _aPlantas que pintan
260 _aChocó:
_bFundación Inguedé,
_c2004.
300 _a20 páginas
650 1 _aplantas útiles
650 1 _aBotánica industrial
650 1 _aPlantas textiles
700 1 _aMena , Ramón
700 1 _aCórdoba, Nevis Adolfo
942 _cFolleto
_2ddc
945 _d2010-02-16
999 _c7263
_d7263